| Поле | Инд. | ПП | Название | Значение |
|---|---|---|---|---|
| Тип записи | a | |||
| Библиографический уровень | c | |||
| 001 | Контрольный номер | 73b428736ec640db87aeda168ece6ceb | ||
| 005 | Дата корректировки | 20260515110549.3 | ||
| 040 | b | Код языка каталог. | rus | |
| e | Правила каталог. | PSBO | ||
| 041 | 0_ | a | Код языка текста | rus |
| 097 | b | Оператор | *Ир* | |
| 245 | 10 | a | Заглавие | Рабочая программа дисциплины общеобразовательной подготовки раздела профильные дисциплины (на углубленном уровне) "Физика". Специальность: 07.02.01 Архитектура. Направленность программы: Архитектурно-строительное черчение, графика и проектирование с использованием систем автоматизированного проектирования. Специальность: 20.02.01 Экологическая безопасность природных комплексов. Направленность программы: Промышленная безопасность и защиты окружающей среды. Специальность: 23.02.07 Техническое обслуживание и ремонт автотранспортных средств. Направленность программы: Автомобильный сервис. Форма обучения – очная |
| b | Продолж. заглавия | в составе учебно-методического комплекса | ||
| c | Ответственность | Кафедра "Общая физика" | ||
| c | Ответственность | разработчик С.Р. Испирян | ||
| 260 | a | Место издания | Тверь | |
| c | Дата издания | 2026 | ||
| b | Издательство | ТвГТУ | ||
| 440 | _0 | a | Серия | УМК-РП |
| 516 | 8_ | a | Прим. о типе комп. файла/ данных | Текст : электронный |
| a | Прим. о типе комп. файла/ данных | Дата обращения: 15.04.20265 | ||
| 535 | 1_ | a | Хранилище | сайт ТвГТУ |
| 653 | 0_ | a | Ключевые слова | СПО |
| 655 | a | Жанр/ форма (устаревшее) | М | |
| 773 | 18 | w | Контрольный № источника | d8ed7b2239e14dc0923793e840455166 |
| 856 | 40 | u | URL | https://new.tstu.tver.ru/documents/1gh7w6y8e2.pdf?v=7 |
| 901 | t | Тип документа | y | |
| 905 | b | Дата создания записи обработка | 15.05.26 | |
| 922 | c | Кафедра | Общая физика | |
| 951 | i | EL-ТГТУ? | Да | |
| 952 | d | Цикл дисциплин | 1 | |
| g | 1 | |||
| a | Тип литературы для КСУ ВШ | П | ||
| 990 | j | Количество экземпляров (DOS) | 1 | |
| h | N записи в КСУ для Б/У (DOS) | 6/2026э |